000 01122nac a2200361 i 4500
003 EG-GICUC
005 20260121101542.0
008 940329s1994 txua frb 001 0 eng d
020 _a0155011170
020 _a0697274632
020 _a9780155011175
040 _aDLC
_cDLC
_beng
_dEG-GiCUC
_erda
043 _an-us---
050 0 0 _aHV6025
_b.R515 1994
082 0 4 _221
_a343.6
092 0 4 _221
099 _aLaw 10 1994
100 1 _aReid, Sue Titus.
245 1 0 _aCrime and criminology /
_cSue Titus Reid.
250 _a7th edition.
264 _aFort Worth :
_bHarcourt Brace College Publishers,
_c1994.
300 _axxviii, 729 page :
_billustrations (some color) ;
_c24 cm.
336 _atext
_btxt
_2rdacontent
337 _aunmediated
_bn
_2rdamedia
338 _avolume
_bnc
_2rdacarrier
504 _aIncludes bibliographical references and indexes.
650 0 _aCriminology.
650 0 _aCrime
_zUnited States.
650 0 _aCriminal justice, Administration of
_zUnited States.
856 4 0 _uhttps://fll.law.cu.edu.eg/fulltext/bks/ENGB10-00096.pdf
905 _a10
942 _2ddc
_cBK
_e21
_n0
999 _c52789
_d52789